The Cambridge introduction to T.S. Eliot / (Record no. 7113)

MARC details
000 -LEADER
fixed length control field 01439nac a22003731u 4500
003 - CONTROL NUMBER IDENTIFIER
control field EG-ScBUE
005 - DATE AND TIME OF LATEST TRANSACTION
control field 20210308103839.0
008 - FIXED-LENGTH DATA ELEMENTS--GENERAL INFORMATION
fixed length control field 200219s2006 xxk f b 001 0deng d
020 ## - INTERNATIONAL STANDARD BOOK NUMBER
International Standard Book Number 9780521547598 (pbk.)
020 ## - INTERNATIONAL STANDARD BOOK NUMBER
International Standard Book Number 0521547598 (pbk.)
035 ## - SYSTEM CONTROL NUMBER
System control number (OCoLC)ocm71825712
035 ## - SYSTEM CONTROL NUMBER
System control number (OCoLC)71825712
040 ## - CATALOGING SOURCE
Original cataloging agency EG-ScBUE
Language of cataloging eng
Description conventions rda
Transcribing agency EG-ScBUE
Modifying agency EG-ScBUE
082 04 - DEWEY DECIMAL CLASSIFICATION NUMBER
Classification number 821.912
Item number COO
Edition number 22
100 1# - MAIN ENTRY--PERSONAL NAME
Personal name Cooper, John Xiros,
Relator term author.
245 14 - TITLE STATEMENT
Title The Cambridge introduction to T.S. Eliot /
Statement of responsibility, etc John Xiros Cooper.
264 #1 - PUBLICATION, DISTRIBUTION, ETC. (IMPRINT)
Place of publication, distribution, etc Cambridge :
Name of publisher, distributor, etc Cambridge University Press,
Date of publication, distribution, etc 2006.
300 ## - PHYSICAL DESCRIPTION
Extent xi, 129 pages ;
Dimensions 23 cm.
336 ## - CONTENT TYPE
Source rdacontent
Content type term text
Content type code txt
337 ## - MEDIA TYPE
Source rdamedia
Media type term unmediated
Media type code n
338 ## - CARRIER TYPE
Source rdacarrier
Carrier type term volume
Carrier type code nc
490 0# - SERIES STATEMENT
Series statement Cambridge introductions to literature
500 ## - GENERAL NOTE
General note distributed by: Al-Ahram
504 ## - BIBLIOGRAPHY, ETC. NOTE
Bibliography, etc Includes bibliographical references and index.
600 17 - SUBJECT ADDED ENTRY--PERSONAL NAME
Personal name Eliot, T. S.
Dates associated with a name 1888-1965
General subdivision Criticism and interpretation.
Source of heading or term BUEsh
650 ## - SUBJECT ADDED ENTRY--TOPICAL TERM
Source of heading or term BUEsh
651 ## - SUBJECT ADDED ENTRY--GEOGRAPHIC NAME
Source of heading or term BUEsh
653 ## - INDEX TERM--UNCONTROLLED
Resource For college Humanities: English
655 ## - INDEX TERM--GENRE/FORM
Form subdivision Reading book
9 (RLIN) 34232
856 42 - ELECTRONIC LOCATION AND ACCESS
Materials specified Publisher description
Uniform Resource Identifier <a href="http://www.loc.gov/catdir/enhancements/fy0667/2007270842-d.html">http://www.loc.gov/catdir/enhancements/fy0667/2007270842-d.html</a>
856 42 - ELECTRONIC LOCATION AND ACCESS
Materials specified Table of contents only
Uniform Resource Identifier <a href="http://www.loc.gov/catdir/enhancements/fy0667/2007270842-t.html">http://www.loc.gov/catdir/enhancements/fy0667/2007270842-t.html</a>
856 42 - ELECTRONIC LOCATION AND ACCESS
Materials specified Contributor biographical information
Uniform Resource Identifier <a href="http://www.loc.gov/catdir/enhancements/fy0733/2007270842-b.html">http://www.loc.gov/catdir/enhancements/fy0733/2007270842-b.html</a>
942 ## - ADDED ENTRY ELEMENTS (KOHA)
Koha item type Book - Borrowing
Call number prefix 821.912COO
Source of classification or shelving scheme Dewey Decimal Classification
Holdings
Withdrawn status Lost status Source of classification or shelving scheme Damaged status Not for loan Collection code Home library Current library Shelving location Date acquired Source of acquisition Total Checkouts Full call number Barcode Date last seen Price effective from Koha item type
    Dewey Decimal Classification     Alahram Central Library Central Library Second Floor 03/01/2008 Purchase   821.912 COO 000008299 15/07/2025 03/01/2008 Book - Borrowing